Top 20 Countries With Most Economic Freedom - Statistics

General Stats
  • This quiz has been taken 874 times
    822 since last reset
  • The average score is 13 of 20
Answer Stats
Hint Answer % Correct
United States of America
99%
United Kingdom
95%
Canada
91%
Germany
89%
Sweden
86%
Australia
84%
Finland
81%
Denmark
78%
Switzerland
77%
Ireland
75%
New Zealand
75%
Netherlands
73%
Singapore
70%
Luxembourg
62%
Taiwan
57%
Estonia
43%
Chile
38%
Hong Kong
34%
Bahrain
20%
Mauritius
9%
No matching quizzes found
Score Distribution
Percent of People with Each Score
Percentile by Number Answered
Your Score History
You have not taken this quiz since the last reset